• 首页
  • 本馆介绍
  • 公告通知
  • 最新文献
  • 馆藏检索
  • 电子资源
  • 读者导购
  • 参考咨询
  • 我的图书馆
  • 登录
  • 详细信息显示
  • 放入我的书架
  • 预约/预借图书
  • 作者相关作品
  • 分类相关作品
  • 丛书相关作品
  • 出版社相关作品

书目信息

  • 表格格式
  • 工作单格式
  • 卡片格式
题名:
袖珍电子计算器
    
 
作者: 王大武 著
分册:  
出版信息: 北京   煤炭工业出版社  1982
页数: 230页
开本: 19cm
丛书名:
单 册:
中图分类: O1-8
科图分类:
主题词: 袖珍式电子计算器--应用
电子资源:
ISBN:
000 00662nam0 2200241 45
001 0182001055
005 20060525101217.06
010    @dCNY0.65
091    @aCN@b15035.2476
100    @a19950518d1982 em y0chiy0121 ea
101 0  @achi
102    @aCN@b110000
105    @ay z 000yy
200 10 @a袖珍电子计算器@Axiu zhen dian zi ji suan qi@f王大武著@Fwang da wu zhu
210    @a北京@c煤炭工业出版社@d1982
215    @a230页@d19cm
517 1  @a电子计算器@Adian zi ji suan qi
606    @a袖珍式电子计算器@x应用
690    @aO1-8@v3
701  0 @a王大武@Awang da wu@4著
801  2 @aCN@bNLC@c20060525
801  0 @aCN@bTSSF
905    @a10447@dO1-8@e132
    
    袖珍电子计算器/王大武著.-北京:煤炭工业出版社,1982
    230页;19cm
    
    
    ISBN :CNY0.65
    
●
相关链接 在E读中查询图书 在五车中查询图书 在当当中查询图书 在豆瓣中查询图书


正题名:袖珍电子计算器     索取号:O1-8/132         预约/预借

序号 登录号 条形码 馆藏地/架位号 状态 备注
1 0093413   001247724   密集书库/ [索取号:O1-8/132] 在馆    
2 0093414   001247760   密集书库/ [索取号:O1-8/132] 在馆    
3 0141505   001247715   密集书库/ [索取号:O1-8/132] 在馆    
4 0141506   001247751   密集书库/ [索取号:O1-8/132] 在馆    
5 0141508   202091770   第二样本阅览室/ [索取号:O1-8/132] 在馆    
唐山师范学院图书馆 欢迎您!
大连网信软件有限公司© 版权所有